The development of high technology industry in Newbury District (Record no. 793)

MARC details
000 -LEADER
fixed length control field 01016cab a2200265 4500
001 - CONTROL NUMBER
control field ABS36997
008 - FIXED-LENGTH DATA ELEMENTS--GENERAL INFORMATION
fixed length control field 090401t1986 xxu||||| |||| 00| 0 eng d
035 ## - SYSTEM CONTROL NUMBER
System control number (Sirsi) u1429
041 ## - LANGUAGE CODE
Language code of text/sound track or separate title eng
100 ## - MAIN ENTRY--PERSONAL NAME
Personal name MacGregor, B.D.
245 #4 - TITLE STATEMENT
Title The development of high technology industry in Newbury District
260 ## - PUBLICATION, DISTRIBUTION, ETC.
Date of publication, distribution, etc. 1986
350 ## - PRICE (NR) (BK AM CF MU VM SE) [OBSOLETE]
Price 0
490 ## - SERIES STATEMENT
Series statement Regional Studies
Volume/sequential designation 20 (5) October 1986, 433-448 (15)
520 ## - SUMMARY, ETC.
Summary, etc. Using Newbury District as a case study area, this paper examines the nature of high technology companies in terms of their origins, employment characteristics, locational preferences and economic impact. Considers whether the development of high tech industry in areas such as Newbury can be replicated elsewhere in Britain. References.
650 ## - SUBJECT ADDED ENTRY--TOPICAL TERM
Topical term or geographic name entry element ECONOMIC FACTORS
650 ## - SUBJECT ADDED ENTRY--TOPICAL TERM
Topical term or geographic name entry element HIGH TECH DEVELOPMENT
650 ## - SUBJECT ADDED ENTRY--TOPICAL TERM
Topical term or geographic name entry element LOCATION
690 ## - LOCAL SUBJECT ADDED ENTRY--TOPICAL TERM (OCLC, RLIN)
Topical term or geographic name as entry element PLANNING LAW AND PRACTICE
700 ## - ADDED ENTRY--PERSONAL NAME
Personal name Langridge, R.J.
700 ## - ADDED ENTRY--PERSONAL NAME
Personal name Adley, J.
700 ## - ADDED ENTRY--PERSONAL NAME
Personal name Chapman, B.
942 ## - ADDED ENTRY ELEMENTS (KOHA)
Suppress in OPAC 0
948 ## - LOCAL PROCESSING INFORMATION (OCLC); SERIES PART DESIGNATOR (RLIN)
c (OCLC) 04/03/1997
Holdings
Withdrawn status Lost status Source of classification or shelving scheme Damaged status Not for loan Home library Current library Shelving location Date acquired Total Checkouts Full call number Barcode Date last seen Copy number Price effective from Koha item type
    Dewey Decimal Classification     London London Journal article 14/09/1999   ABS36997 1429-1001 06/08/2019 1 06/08/2019 Journal article